| 000 | nam a22 7a 4500 | ||
|---|---|---|---|
| 999 |
_c128386 _d128386 |
||
| 008 | 181015b xxu||||| |||| 00| 0 eng d | ||
| 050 | _aBX3747.E8 B234 | ||
| 100 |
_aBarbera, Mario _942942 |
||
| 245 |
_aMeriggio D'etiopia: _bracconto storico _c/by P. Mario Barbera S. I. |
||
| 260 |
_aRoma: _bLA. Civilts cattolica, _c1924. |
||
| 300 |
_a281p.; _c21cm. |
||
| 650 |
_aJesuits in Ethiopia _xHistory _y17th century _942943 |
||
| 942 |
_2lcc _cMONOGRAPH |
||